Welcome to CU Library Online Public Access Catalogue (OPAC)

THE CHRISTIANS AS THE ROMANS SAW THEM (Record no. 7326)

MARC details
000 -LEADER
fixed length control field 00408nam a22001457a 4500
005 - DATE AND TIME OF LATEST TRANSACTION
control field 20250821143618.0
008 - FIXED-LENGTH DATA ELEMENTS--GENERAL INFORMATION
fixed length control field 250821b |||||||| |||| 00| 0 eng d
020 ## - INTERNATIONAL STANDARD BOOK NUMBER
International Standard Book Number 9780300036275
050 ## - LIBRARY OF CONGRESS CALL NUMBER
Classification number BL 2756
Item number .W54
100 ## - MAIN ENTRY--PERSONAL NAME
Personal name WILKEN, ROBERT L.
245 ## - TITLE STATEMENT
Title THE CHRISTIANS AS THE ROMANS SAW THEM
Statement of responsibility, etc. ROBERT L. WILKEN
260 ## - PUBLICATION, DISTRIBUTION, ETC.
Place of publication, distribution, etc. LONDON
Name of publisher, distributor, etc. YALE UNIVERSITY PRESS
Date of publication, distribution, etc. c1984
300 ## - PHYSICAL DESCRIPTION
Extent xix, 214,;
942 ## - ADDED ENTRY ELEMENTS (KOHA)
Source of classification or shelving scheme Library of Congress Classification
Koha item type Books
Suppress in OPAC No
999 ## -
-- 7326
-- 7326
Holdings
Withdrawn status Lost status Source of classification or shelving scheme Damaged status Not for loan Collection Home library Current library Shelving location Date acquired Total checkouts Full call number Barcode Date last seen Copy number Price effective from Koha item type
    Library of Congress Classification     Non-fiction Undergraduate Library (Christ Temple) Undergraduate Library (Christ Temple) General stacks 08/21/2025   BL 2756.W54 ulct00004408 08/21/2025 1 08/21/2025 Books
© 2023-2024 Copyright: Central University Libraries. All Rights Reserved | Created by: Mahone Tech Office